[Event "GER-chT Christmas U16 Steinitz"]
[Site "Playchess.com INT"]
[Date "2020.12.28"]
[Round "2.2"]
[White "Goetz, Fenja"]
[Black "Von Rosen, Jakob"]
[Result "0-1"]
[WhiteElo "1626"]
[BlackElo "1722"]
[PlyCount "28"]
[EventDate "2020.12.28"]
[EventType "team-swiss (blitz)"]
[EventRounds "7"]
[EventCountry "GER"]
[SourceTitle "CBM 200 Extra"]
[Source "ChessBase"]
[SourceDate "2021.03.31"]
[SourceVersion "1"]
[SourceVersionDate "2021.03.31"]
[SourceQuality "1"]
[WhiteTeam "Bad Homburg"]
[BlackTeam "Blankenese"]
[WhiteTeamCountry "GER"]
[BlackTeamCountry "GER"]

1. e4 c5 2. Nf3 d6 3. d4 cxd4 4. Nxd4 Nf6 5. Nc3 a6 6. Be3 e5 7. Nf3 Be6 8. Bg5 Be7 9. Be2 0-0 10. 0-0 h6 11. Be3 Nc6 12. Qd2 Ng4 13. Rfd1 Nxe3 14. Qxe3 Qc7 0-1

[Event "Bad Soden U14 op"]
[Site "Bad Soden"]
[Date "2019.10.04"]
[Round "2"]
[White "Goetz, Fenja"]
[Black "Melchior, Christopher"]
[Result "1-0"]
[WhiteElo "1490"]
[BlackElo "1229"]
[PlyCount "47"]
[EventDate "2019.10.03"]
[EventType "swiss"]
[EventRounds "9"]
[EventCountry "GER"]
[SourceTitle "CBM 192 Extra"]
[Source "Chessbase"]
[SourceDate "2019.11.06"]
[SourceVersion "1"]
[SourceVersionDate "2019.11.06"]
[SourceQuality "1"]

1. e4 e5 2. Nf3 Nc6 3. d4 exd4 4. Bc4 Bc5 5. c3 dxc3 6. Bxf7+ Kxf7 7. Qd5+ Ke8 8. Qh5+ g6 9. Qxc5 Qe7 10. Qxc3 Nf6 11. 0-0 d6 12. Bg5 Rf8 13. Re1 Be6 14. e5 dxe5 15. Nxe5 Nxe5 16. Qxe5 Kf7 17. Nc3 Rad8 18. Ne4 Kg7 19. Nxf6 Rxf6 20. Bxf6+ Qxf6 21. Qxe6 Qxe6 22. Rxe6 Kf7 23. Rae1 Rd7 24. f3 1-0

[Event "GER-chT Federal Cup (Women)"]
[Site "Braunfels"]
[Date "2019.06.20"]
[Round "1.54"]
[White "Mundt, Alexandra"]
[Black "Goetz, Fenja"]
[Result "1-0"]
[WhiteElo "1797"]
[BlackElo "1528"]
[PlyCount "67"]
[EventDate "2019.06.20"]
[EventType "team-swiss"]
[EventRounds "5"]
[EventCountry "GER"]
[SourceTitle "CBM 191 Extra"]
[Source "ChessBase"]
[SourceDate "2019.09.30"]
[SourceVersion "1"]
[SourceVersionDate "2019.09.30"]
[SourceQuality "1"]

1. Nf3 Nc6 2. d4 d5 3. g3 Bf5 4. Bg2 Nf6 5. a3 g6 6. b3 Bg7 7. Bb2 0-0 8. 0-0 Re8 9. Nbd2 Ne4 10. e3 Bg4 11. h3 Nxd2 12. Qxd2 Bf5 13. Nh4 Bd7 14. Kh2 Bc8 15. Rab1 e5 16. dxe5 Nxe5 17. Qxd5 c6 18. Qxd8 Rxd8 19. f4 Nd7 20. Bxg7 Kxg7 21. Rbd1 Re8 22. e4 Nb6 23. g4 Bd7 24. Rd2 Re7 25. f5 gxf5 26. gxf5 Kg8 27. Bf3 Kh8 28. Ng2 Rae8 29. Nf4 Bc8 30. Nh5 Rg8 31. Nf6 Rg7 32. Rd8+ Re8 33. Rxe8+ Rg8 34. Rxg8# 1-0

[Event "GER-chT U14 Girls"]
[Site "Neumuenster"]
[Date "2018.12.30"]
[Round "7.2"]
[White "Sinner, Joselyne"]
[Black "Goetz, Fenja"]
[Result "1-0"]
[WhiteElo "1518"]
[BlackElo "1465"]
[PlyCount "103"]
[EventDate "2018.12.27"]
[EventType "team-swiss"]
[EventRounds "7"]
[EventCountry "GER"]
[SourceTitle "CBM 188 Extra"]
[Source "ChessBase"]
[SourceDate "2019.02.26"]
[SourceVersion "1"]
[SourceVersionDate "2019.02.26"]
[SourceQuality "1"]
[WhiteTeam "Porz SG"]
[BlackTeam "Bad Homburg"]
[WhiteTeamCountry "GER"]
[BlackTeamCountry "GER"]

1. e4 c5 2. Nf3 Nc6 3. Bb5 g6 4. 0-0 Bg7 5. Nc3 d6 6. h3 Bd7 7. a4 Nf6 8. d3 0-0 9. Be3 a6 10. Bc4 Qc7 11. Nd2 Ne5 12. Bb3 b5 13. Bd5 Rab8 14. axb5 axb5 15. f4 Nc6 16. Nf3 Nb4 17. Bb3 Bc6 18. Qe2 Ra8 19. Na2 Nxa2 20. Bxa2 Nxe4 21. dxe4 Bxb2 22. Bxf7+ Rxf7 23. Rxa8+ Bxa8 24. Ng5 Rf6 25. Qxb5 Bd4 26. Qc4+ d5 27. Qd3 Bxe3+ 28. Qxe3 h6 29. e5 Ra6 30. Nf3 Ra2 31. Qd3 Kg7 32. Nh4 Qb6 33. Kh2 c4 34. Qg3 Rxc2 35. f5 g5 36. f6+ exf6 37. Rxf6 Qd8 38. Nf5+ Kh7 39. Rxh6+ Kg8 40. Rf6 Qxf6 41. exf6 d4 42. Qxg5+ Kf7 43. Qg7+ Ke6 44. Qg8+ Kxf6 45. Qxa8 Kxf5 46. Qd5+ Kf6 47. Qxd4+ Kf7 48. Qf4+ Kg7 49. Qg5+ Kh8 50. Qh6+ Kg8 51. Qg6+ Kf8 52. Qxc2 1-0

[Event "GER-chT U14 Girls"]
[Site "Neumuenster"]
[Date "2018.12.29"]
[Round "5.2"]
[White "Gutmann, Anna"]
[Black "Goetz, Fenja"]
[Result "1/2-1/2"]
[WhiteElo "1499"]
[BlackElo "1465"]
[PlyCount "94"]
[EventDate "2018.12.27"]
[EventType "team-swiss"]
[EventRounds "7"]
[EventCountry "GER"]
[SourceTitle "CBM 188 Extra"]
[Source "ChessBase"]
[SourceDate "2019.02.26"]
[SourceVersion "1"]
[SourceVersionDate "2019.02.26"]
[SourceQuality "1"]
[WhiteTeam "Weisse Dame"]
[BlackTeam "Bad Homburg"]
[WhiteTeamCountry "GER"]
[BlackTeamCountry "GER"]

1. e4 c5 2. Nf3 Nc6 3. d4 cxd4 4. Nxd4 g6 5. c4 Bg7 6. Be3 d6 7. Nc3 Bd7 8. Be2 Nf6 9. 0-0 0-0 10. Nc2 Rc8 11. f3 a6 12. Rc1 Ne5 13. Na3 Qa5 14. Qd2 Rce8 15. Nab1 Nc6 16. Rfd1 Rc8 17. b3 Rfe8 18. Rf1 Ne5 19. h3 Nh5 20. f4 Ng3 21. fxe5 Nxf1 22. Rxf1 Bxe5 23. Bf4 Qc5+ 24. Kh1 Bg7 25. Nd5 Be6 26. Be3 Qc6 27. Rc1 Rb8 28. Nbc3 Qd7 29. Nf4 Red8 30. Nxe6 Qxe6 31. Bf3 Qd7 32. Nd5 Re8 33. Nb6 Qc7 34. c5 dxc5 35. Bxc5 Qg3 36. Bf2 Qd6 37. Qxd6 exd6 38. Bg3 Be5 39. Bxe5 dxe5 40. Nd5 Kg7 41. g4 Rbc8 42. Rxc8 Rxc8 43. a3 b5 44. a4 bxa4 45. bxa4 Rc1+ 46. Kh2 Ra1 47. Nb6 a5 1/2-1/2

[Event "GER-chT U14 Girls"]
[Site "Neumuenster"]
[Date "2018.12.27"]
[Round "1.2"]
[White "Oswald, Hannah"]
[Black "Goetz, Fenja"]
[Result "1-0"]
[WhiteElo "1613"]
[BlackElo "1465"]
[PlyCount "73"]
[EventDate "2018.12.27"]
[EventType "team-swiss"]
[EventRounds "7"]
[EventCountry "GER"]
[SourceTitle "CBM 188 Extra"]
[Source "ChessBase"]
[SourceDate "2019.02.26"]
[SourceVersion "1"]
[SourceVersionDate "2019.02.26"]
[SourceQuality "1"]
[WhiteTeam "Leipzig SG"]
[BlackTeam "Bad Homburg"]
[WhiteTeamCountry "GER"]
[BlackTeamCountry "GER"]

1. e4 c5 2. Nf3 Nc6 3. d4 cxd4 4. Nxd4 g6 5. Nc3 Bg7 6. Be3 d6 7. Qd2 Bd7 8. f3 a6 9. Bc4 Rc8 10. Bb3 b5 11. Nd5 Nf6 12. Nc3 Na5 13. Bh6 0-0 14. 0-0-0 Nxb3+ 15. Nxb3 Re8 16. Bxg7 Kxg7 17. g4 b4 18. Ne2 Qb6 19. Kb1 Bb5 20. h4 Bc4 21. h5 h6 22. hxg6 Rh8 23. gxf7 Bxf7 24. g5 Ng8 25. gxh6+ Rxh6 26. Rxh6 Nxh6 27. Rg1+ Kh7 28. Rh1 d5 29. exd5 Rd8 30. Nf4 e5 31. Qd3+ Kg8 32. Ne6 Bxe6 33. Rxh6 Qg1+ 34. Nc1 Bxd5 35. Rg6+ Qxg6 36. Qxg6+ Kf8 37. Qxa6 1-0

[Event "Bad Soden U14 op 5th"]
[Site "Bad Soden"]
[Date "2018.09.30"]
[Round "2.1"]
[White "Goetz, Fenja"]
[Black "Gallasch, Jonas"]
[Result "0-1"]
[WhiteElo "1343"]
[BlackElo "2045"]
[PlyCount "102"]
[EventDate "2018.09.30"]
[EventType "swiss"]
[EventRounds "7"]
[EventCountry "GER"]
[SourceTitle "EXT 2020"]
[Source "ChessBase"]
[SourceDate "2019.10.17"]
[SourceVersion "1"]
[SourceVersionDate "2019.10.17"]
[SourceQuality "1"]

1. e4 c6 2. d4 d5 3. exd5 cxd5 4. Bd3 Nc6 5. c3 Qc7 6. h3 Nf6 7. Nf3 g6 8. 0-0 Bf5 9. Re1 Bxd3 10. Qxd3 Bg7 11. Bg5 Ne4 12. Bh4 0-0 13. Nbd2 Nxd2 14. Qxd2 b5 15. Qe2 Qb7 16. Bg3 Rfe8 17. Qd2 Rac8 18. Rac1 Red8 19. Re2 e6 20. Ne1 b4 21. Nd3 Qa6 22. Ra1 Qc4 23. Bf4 bxc3 24. bxc3 Na5 25. Rc1 Nb7 26. Nb4 a5 27. Nd3 Nd6 28. Nc5 Nb5 29. Qe1 Rxc5 30. dxc5 Qxf4 31. Rec2 Qc4 32. Qe3 Rc8 33. Qg3 Qxc5 34. Qd3 Nxc3 35. Kf1 d4 36. Qa6 Qc4+ 37. Qxc4 Rxc4 38. Ke1 Bh6 39. Ra1 d3 40. Rb2 d2+ 41. Rxd2 Re4+ 42. Kf1 Bxd2 43. a3 a4 44. f3 Re1+ 45. Rxe1 Bxe1 46. Kxe1 Nb1 47. Kd1 Nxa3 48. Kc1 Nc4 49. Kb1 e5 50. g3 f5 51. g4 e4 0-1

[Event "Rhein Main op-B 21st"]
[Site "Bad Homburg"]
[Date "2018.06.02"]
[Round "5"]
[White "Goetz, Fenja"]
[Black "Toedter, Pascal"]
[Result "0-1"]
[WhiteElo "1353"]
[BlackElo "1055"]
[PlyCount "90"]
[EventDate "2018.05.30"]
[EventType "swiss"]
[EventRounds "7"]
[EventCountry "GER"]
[SourceTitle "EXT 2019"]
[Source "ChessBase"]
[SourceDate "2018.10.10"]
[SourceVersion "1"]
[SourceVersionDate "2018.10.10"]
[SourceQuality "1"]

1. e4 e5 2. Nf3 Nc6 3. d4 exd4 4. Bc4 Bc5 5. c3 dxc3 6. Bxf7+ Kxf7 7. Qd5+ Ke8 8. Qh5+ g6 9. Qxc5 d6 10. Qe3 Be6 11. Nxc3 Kd7 12. b3 Qe7 13. Bb2 Nf6 14. 0-0 Rae8 15. Nd5 Bxd5 16. exd5 Qxe3 17. fxe3 Nxd5 18. Bxh8 Rxh8 19. Rae1 Ncb4 20. e4 Nc3 21. a4 Nc2 22. Rc1 Ne2+ 23. Kf2 Nxc1 24. Rxc1 Nb4 25. Ke3 Re8 26. Nd2 Nc6 27. Rf1 Re7 28. Rf4 d5 29. Nf3 Rxe4+ 30. Rxe4 dxe4 31. Kxe4 Na5 32. b4 Nc6 33. b5 Na5 34. Kd5 c6+ 35. bxc6+ bxc6+ 36. Kc5 Nb7+ 37. Kc4 Kd6 38. Nd4 Na5+ 39. Kc3 Kd5 40. Nc2 c5 41. Na3 a6 42. Nc2 Nc4 43. g3 a5 44. h3 Nb6 45. g4 Nxa4+ 0-1

[Event "GER-chT U14 Girls"]
[Site "Neumuenster"]
[Date "2017.12.28"]
[Round "4.3"]
[White "Foos, Vanessa"]
[Black "Goetz, Fenja"]
[Result "0-1"]
[WhiteElo "948"]
[BlackElo "1316"]
[PlyCount "124"]
[EventDate "2017.12.26"]
[EventType "team-swiss"]
[EventRounds "7"]
[EventCountry "GER"]
[SourceTitle "CBM 182 Extra"]
[Source "ChessBase"]
[SourceDate "2018.02.23"]
[SourceVersion "1"]
[SourceVersionDate "2018.02.23"]
[SourceQuality "1"]
[WhiteTeam "Harksheide"]
[BlackTeam "Bad Homburg"]
[WhiteTeamCountry "GER"]
[BlackTeamCountry "GER"]

1. e4 c5 2. d4 cxd4 3. c3 dxc3 4. Nxc3 Nc6 5. Bf4 d6 6. Nf3 Bg4 7. Bb5 Rc8 8. h3 Be6 9. 0-0 Nf6 10. Qa4 Bd7 11. Bxc6 Bxc6 12. Qxa7 Nxe4 13. Nxe4 Bxe4 14. Rfe1 Bc6 15. Rac1 g6 16. Qd4 Rb8 17. Qxd6 Qxd6 18. Bxd6 Rd8 19. Rcd1 Bxf3 20. gxf3 e6 21. Bc7 Rc8 22. Bb6 Bg7 23. Rc1 Rxc1 24. Rxc1 Ke7 25. Bc5+ Kd7 26. b3 Rc8 27. Rd1+ Ke8 28. Bb6 Rc6 29. Rd8+ Ke7 30. Rg8 Be5 31. Ba5 Rc1+ 32. Kg2 Ra1 33. Bb4+ Kf6 34. Ra8 Rc1 35. Bd2 Rc2 36. Be3 Bd6 37. Ra7 Rc7 38. Bd2 b5 39. Bc3+ Rxc3 40. Ra5 b4 41. Ra6 Bc5 42. Kf1 Rc2 43. Ke1 Rxf2 44. a3 bxa3 45. Rxa3 Rxf3 46. Ra5 Bb4+ 47. Ke2 Rxb3 48. Ra1 Rxh3 49. Rf1+ Ke7 50. Rb1 Bd6 51. Rb7+ Ke8 52. Rb6 Be7 53. Rb8+ Bd8 54. Rb5 h5 55. Kf2 h4 56. Kg2 Rc3 57. Kh2 Bc7+ 58. Kg2 h3+ 59. Kf2 h2 60. Rb1 Rh3 61. Kg2 h1Q+ 62. Rxh1 Rxh1 0-1

[Event "GER-chT U14 Girls"]
[Site "Neumuenster"]
[Date "2017.12.28"]
[Round "3.3"]
[White "Goetz, Fenja"]
[Black "Oschlies, Tami"]
[Result "0-1"]
[WhiteElo "1316"]
[BlackElo "1317"]
[PlyCount "158"]
[EventDate "2017.12.26"]
[EventType "team-swiss"]
[EventRounds "7"]
[EventCountry "GER"]
[SourceTitle "CBM 182 Extra"]
[Source "ChessBase"]
[SourceDate "2018.02.23"]
[SourceVersion "1"]
[SourceVersionDate "2018.02.23"]
[SourceQuality "1"]
[WhiteTeam "Bad Homburg"]
[BlackTeam "Friedrichsfelde Borussia"]
[WhiteTeamCountry "GER"]
[BlackTeamCountry "GER"]

1. e4 c5 2. Nf3 d6 3. d4 cxd4 4. Nxd4 Nc6 5. Bb5 Bd7 6. Nc3 a6 7. Bc4 e6 8. a4 Be7 9. Bf4 Nf6 10. 0-0 Nxd4 11. Qxd4 e5 12. Bxe5 dxe5 13. Qxe5 0-0 14. Rad1 Qe8 15. b3 Bb4 16. Qxe8 Rfxe8 17. Na2 Bc5 18. Nc3 Bc6 19. Bd5 Bxd5 20. exd5 Rad8 21. Rd3 Re5 22. Rfd1 Ng4 23. Rf3 Bb4 24. h3 Bxc3 25. Rxc3 Nf6 26. d6 Kf8 27. Rc7 Rd7 28. c4 Ke8 29. b4 Kd8 30. Rc5 Rxc5 31. bxc5 Ne8 32. a5 Kc8 33. Kf1 Nc7 34. Ke2 Ne6 35. Ke3 Nxc5 36. Rd5 Nb3 37. Kd3 Nxa5 38. Rxa5 Rxd6+ 39. Kc3 Kd7 40. Kb4 Rb6+ 41. Kc3 Ke6 42. f3 g6 43. g4 Rb1 44. Kd4 Rb3 45. Re5+ Kd6 46. Rd5+ Kc6 47. Ke4 b5 48. cxb5+ Rxb5 49. Rd8 a5 50. Rf8 f5+ 51. Ke3 fxg4 52. fxg4 Rb3+ 53. Kd2 Rxh3 54. Rb8 Rg3 55. Rc8+ Kd5 56. Rd8+ Ke6 57. Ra8 Rxg4 58. Rxa5 Rf4 59. Ke3 Rf8 60. Ke4 Rf1 61. Ra6+ Kf7 62. Ra7+ Kg8 63. Ra8+ Kg7 64. Ra7+ Kh6 65. Ra2 g5 66. Rh2+ Kg6 67. Ke3 h6 68. Rf2 Rxf2 69. Kxf2 Kf5 70. Kf3 g4+ 71. Kg3 h5 72. Kg2 h4 73. Kg1 Kf4 74. Kf2 g3+ 75. Kg2 h3+ 76. Kg1 Kf3 77. Kf1 g2+ 78. Kg1 h2+ 79. Kxh2 Kf2 0-1

[Event "Bad Soden U14 op"]
[Site "Bad Soden"]
[Date "2017.10.02"]
[Round "7"]
[White "Werner, Rosalie"]
[Black "Goetz, Fenja"]
[Result "1/2-1/2"]
[WhiteElo "1404"]
[BlackElo "1236"]
[PlyCount "39"]
[EventDate "2017.09.30"]
[EventType "swiss"]
[EventRounds "9"]
[EventCountry "GER"]
[SourceTitle "EXT 2019"]
[Source "ChessBase"]
[SourceDate "2018.10.10"]
[SourceVersion "1"]
[SourceVersionDate "2018.10.10"]
[SourceQuality "1"]

1. e4 c5 2. Nf3 Nc6 3. d4 cxd4 4. Nxd4 g6 5. Nc3 Bg7 6. Nb3 Nf6 7. Be2 b6 8. Bg5 Bb7 9. f4 d6 10. 0-0 0-0 11. Qe1 Qd7 12. Qh4 Rfe8 13. Bh6 Rad8 14. Rf3 Qg4 15. Qxg4 Nxg4 16. Bxg7 Kxg7 17. Rg3 Nf6 18. h4 e6 19. h5 Ne7 20. hxg6 1/2-1/2

[Event "Bad Soden U14 op"]
[Site "Bad Soden"]
[Date "2017.09.30"]
[Round "2"]
[White "Goetz, Fenja"]
[Black "Haack, Kevin"]
[Result "0-1"]
[WhiteElo "1236"]
[BlackElo "1655"]
[PlyCount "158"]
[EventDate "2017.09.30"]
[EventType "swiss"]
[EventRounds "9"]
[EventCountry "GER"]
[SourceTitle "EXT 2019"]
[Source "ChessBase"]
[SourceDate "2018.10.10"]
[SourceVersion "1"]
[SourceVersionDate "2018.10.10"]
[SourceQuality "1"]

1. e4 c5 2. f4 Nc6 3. Nf3 e6 4. Nc3 g6 5. Be2 Bg7 6. d3 Nge7 7. 0-0 d6 8. Qe1 a6 9. Be3 Nd4 10. Rc1 Nec6 11. Qg3 b5 12. Rfe1 Bb7 13. Ng5 Qc7 14. a3 0-0-0 15. Bf1 f6 16. Nf3 f5 17. Ng5 Rdg8 18. Na2 h6 19. Nh3 Ne7 20. c3 Nb3 21. Rc2 fxe4 22. Nc1 Nxc1 23. Rexc1 Nf5 24. Qf2 exd3 25. Bxd3 c4 26. Bxf5 gxf5 27. Rd1 Bf6 28. g3 Be4 29. Rcd2 Bd3 30. Bb6 Qc6 31. Bd4 e5 32. fxe5 dxe5 33. Be3 f4 34. Nxf4 exf4 35. Bxf4 Be7 36. Be3 Qf6 37. Qxf6 Bxf6 38. Rf2 Be5 39. Rf7 Rg7 40. Rxg7 Bxg7 41. Re1 Re8 42. Kf2 h5 43. Bc5 Rxe1 44. Kxe1 Be5 45. Kd2 h4 46. gxh4 Bxh2 47. Be7 Bf4+ 48. Ke1 Bc1 49. Bb4 Bf4 50. Kf2 Kd7 51. Kf3 Bc1 52. Kg4 Bxb2 53. Kg5 Ke6 54. h5 Bc1+ 55. Kg4 Kf6 56. Kg3 Be2 57. Kh4 Bg5+ 58. Kg3 Bxh5 59. Kf2 Ke5 60. Kg3 Bd8 61. Kf2 a5 62. Bc5 Ke4 63. Bd4 Be7 64. Ke1 Kd3 65. Bh8 Bxa3 66. Bg7 Bb2 67. Bf6 a4 68. Kf2 a3 69. Kg3 a2 70. Kh4 a1Q 71. Kxh5 Qg1 72. Kh6 Ke4 73. Kh7 Kf5 74. Bg7 Qh1+ 75. Kg8 Kg6 76. Kf8 Qb7 77. Ke8 Qc7 78. Bf8 Kf6 79. Bb4 Qc8# 0-1

[Event "Heusenstamm Sparkassen op U14 3rd"]
[Site "Heusenstamm"]
[Date "2016.11.27"]
[Round "4"]
[White "Moldenhauer, Lennart"]
[Black "Goetz, Fenja"]
[Result "1-0"]
[WhiteElo "986"]
[BlackElo "1160"]
[PlyCount "67"]
[EventDate "2016.11.27"]
[EventType "swiss"]
[EventRounds "5"]
[EventCountry "GER"]
[SourceTitle "EXT 2018"]
[Source "ChessBase"]
[SourceDate "2017.10.13"]
[SourceVersion "1"]
[SourceVersionDate "2017.10.13"]
[SourceQuality "1"]

1. e4 c5 2. Nf3 Nc6 3. d4 cxd4 4. Nxd4 e5 5. Nb5 Nf6 6. Bg5 Be7 7. Bxf6 Bxf6 8. Nd6+ Kf8 9. Bc4 Qa5+ 10. Qd2 Bg5 11. Qxa5 Nxa5 12. Bd5 f6 13. Nf7 Rg8 14. Nxg5 fxg5 15. Bxg8 Kxg8 16. Nd2 Nc6 17. a3 Nd4 18. 0-0-0 d6 19. Nc4 Be6 20. Nxd6 b6 21. b3 Rd8 22. Nc4 Bxc4 23. bxc4 Rc8 24. c3 Rxc4 25. Kb2 Nb5 26. Rd8+ Kf7 27. Rc1 Rxe4 28. Kb3 Re2 29. Rd7+ Ke6 30. Rxg7 h6 31. Rg6+ Ke7 32. Rxh6 Rxf2 33. Re1 Rf6 34. Rxe5+ 1-0

[Event "Hessen-ch U12"]
[Site "Bad Homburg"]
[Date "2015.03.30"]
[Round "1"]
[White "Goetz, Fenja"]
[Black "Klee, Jonathan"]
[Result "0-1"]
[WhiteElo "771"]
[BlackElo "1236"]
[PlyCount "82"]
[EventDate "2015.03.30"]
[EventType "swiss"]
[EventRounds "9"]
[EventCountry "GER"]
[SourceTitle "EXT 2017"]
[Source "ChessBase"]
[SourceDate "2016.10.25"]
[SourceVersion "1"]
[SourceVersionDate "2016.10.25"]
[SourceQuality "1"]

1. e4 d5 2. Nc3 dxe4 3. Nxe4 e5 4. Nf3 Bg4 5. Bb5+ c6 6. Bc4 Nf6 7. d3 Nxe4 8. dxe4 Qxd1+ 9. Kxd1 Nd7 10. Bg5 f6 11. Be3 Bc5 12. Re1 0-0-0 13. c3 Bxe3 14. Rxe3 Nb6+ 15. Bd3 Nc4 16. Kc2 Nxe3+ 17. fxe3 Bxf3 18. gxf3 Rd7 19. Rd1 Rhd8 20. f4 b5 21. Be2 Rxd1 22. Bxd1 a5 23. Kc1 Rd3 24. Bg4+ Kc7 25. Bf5 h6 26. fxe5 fxe5 27. Kc2 Rxe3 28. Kd2 Rf3 29. h3 b4 30. cxb4 axb4 31. Ke2 Rf4 32. Kd3 c5 33. Kc4 Kd6 34. b3 Rf2 35. a4 bxa3 36. b4 cxb4 37. Kxb4 a2 38. Kb5 Rc2 39. h4 a1R 40. h5 Rb1+ 41. Ka5 Ra2# 0-1

[Event "Hessen-ch U10"]
[Site "Bad Homburg"]
[Date "2015.03.27"]
[Round "1"]
[White "Goetz, Fenja"]
[Black "Indorf, Noah David"]
[Result "0-1"]
[WhiteElo "771"]
[BlackElo "974"]
[PlyCount "56"]
[EventDate "2015.03.27"]
[EventType "swiss"]
[EventRounds "7"]
[EventCountry "GER"]
[SourceTitle "EXT 2017"]
[Source "ChessBase"]
[SourceDate "2016.10.25"]
[SourceVersion "1"]
[SourceVersionDate "2016.10.25"]
[SourceQuality "1"]

1. e4 e5 2. Nf3 Nc6 3. Bc4 Bc5 4. Nc3 d6 5. d3 h6 6. h3 Nf6 7. b3 Bb4 8. Bd2 0-0 9. 0-0 Nd4 10. Nxd4 exd4 11. Nd5 Nxd5 12. Bxd5 Bxd2 13. Qxd2 c6 14. Bc4 d5 15. exd5 cxd5 16. Bb5 a6 17. Ba4 b5 18. Bxb5 axb5 19. Rfe1 Re8 20. Qb4 Rxe1+ 21. Rxe1 Bd7 22. Ra1 Qg5 23. Qxd4 Bxh3 24. Kf1 Re8 25. Qe3 Qxg2+ 26. Ke1 Rxe3+ 27. fxe3 Bg4 28. Rd1 Qe2# 0-1